Vida del poeta (Record no. 189020)

MARC details
000 -LEADER
campo de control de longitud fija 00804nam a2200193 i 4500
001 - NÚMERO DE CONTROL
campo de control 189020
003 - IDENTIFICADOR DE NÚMERO DE CONTROL
campo de control ES-MaACL
005 - FECHA Y HORA DE LA ÚLTIMA TRANSACCIÓN
campo de control 20250810225314.0
008 - DATOS DE LONGITUD FIJA--INFORMACIÓN GENERAL
campo de control de longitud fija 190321s1950 sp |||| | spa d
100 1# - ENTRADA PRINCIPAL--NOMBRE DE PERSONA
Nombre de persona Aleixandre, Vicente,
Fechas asociadas al nombre 1898-1984
9 (RLIN) 19688
245 10 - MENCIÓN DEL TÍTULO
Título Vida del poeta
Resto del título : el amor y la poesía /
Mención de responsabilidad, etc. discurso leído ante la Real Academia Española, el día 22 de enero de 1950, en su recepción pública, por el... Sr. D. Vicente Aleixandre y contestación del... Sr. D. Dámaso Alonso.
260 ## - PUBLICACIÓN, DISTRIBUCIÓN, ETC.
Lugar de publicación, distribución, etc. Madrid :
Nombre del editor, distribuidor, etc. [s.n.],
Fecha de publicación, distribución, etc. 1950 (
Fabricante S. Aguirre, imp.)
300 ## - DESCRIPCIÓN FÍSICA
Extensión 51 p. ;
Dimensiones 24 cm.
650 07 - PUNTO DE ACCESO ADICIONAL DE MATERIA--TÉRMINO DE MATERIA
Término de materia o nombre geográfico como elemento de entrada Poesía
Fuente del encabezamiento o término embne
9 (RLIN) 16149
700 1# - ENTRADA AGREGADA--NOMBRE PERSONAL
Nombre de persona Alonso, Dámaso,
Fechas asociadas al nombre 1898-1990
9 (RLIN) 20195
710 2# - ENTRADA AGREGADA--NOMBRE DE ENTIDAD CORPORATIVA
Nombre de entidad corporativa o nombre de jurisdicción como elemento de entrada Real Academia Española
9 (RLIN) 6336
852 ## - LOCALIZACIÓN
Ubicación ES-MaACL
Número de control de estantería K-157-12
Nota libre - Enc. en un vol. facticio
Holdings
Estatus retirado Estado de pérdida Estado de daño No para préstamo Biblioteca de origen Biblioteca actual Ubicación en estantería Fecha de adquisición Fuente de adquisición Total de préstamos Signatura topográfica completa Código de barras Visto por última vez Precio de reemplazo Tipo de ítem Koha
        Biblioteca del Ateneo de Madrid Biblioteca del Ateneo de Madrid Administración 21/03/2019     K-157-12 1200188 23/02/2023 23/02/2023 Libro impreso